000 00892nam a22002057a 4500
999 _c8671
_d8671
003 AR-CdUCM
008 190325b ||||| |||| 00| 0 spa d
040 _aMUNICIPALIDAD PROVINCIAL DEL CUSCO
_cBIBLIOTECA MUNICIPAL DEL CUSCO
082 _a331.31 /
_bAL35
100 _aAlarcón Glasinovich, Walter
_912291
245 _aProfundizando la exclusión :
_bel trabajo de niños y adolescentes en América Latina /
260 _aLima :
_bAtenea,
_c2000.
300 _a169 páginas ;
_c20.5 cm.
505 _aContenido: Panorama del trabajo infantil y adolescente en América Latina -- El debate sobre el trabajo infantil y adolescente en América Latina -- Estrategias de erradicación del trabajo infantil en América Latina -- Balance y perspectivas.
650 _aTrabajo infantil
_912292
650 _aAspectos sociales
_9262
650 _aPerú
_935
942 _2ddc
_cLIBROS
945 _aafb